000
00319 a2200109 4500
001
ART_41123
005
20260410161628.0
008
260409a
245
1
0
_a
Reformas incorporadas a la ley general de sociedades
100
1
_a
Barreiro, Rafael F.
773
0
_t
Enfoques
_g
- NÂș 12 (dic. 2016)
_w
REV416
999
_c
12224
_d
12224